000 00627nam a2200169 a 4500
008 210520s2011 ||||||||||||||||| || u
020 _a9780199227754
050 _aK 90 Mas
100 _aMason, J.K
245 1 0 _aMason and McCall Smith's law and medical ethics. (8th edition)
_cBy J.K. Mason; G.T. Laurie
250 _a8th edition
260 _aOxford
_bOxford University Press
_c2011
300 _axlvi, 688 pages
350 _a2.40
650 0 _aMEDICAL ETHICS
995 _FCBU-MAIN LIBRARY (Kitwe)
_I2.40
_M1
_UAVAILABLE
_WMay 21, 2021
_ZMain Library Open Access Collection
999 _c50559
_d50559